Traditional Pizza Varieties - Statistics

General Stats
  • This quiz has been taken 59 times
  • The average score is 4 of 11
Answer Stats
Ingredients Answer % Correct
Tomato sauce, mozzarella/fiordilatte, basil, olive oil Pizza Margherita
61%
Folded pizza with tomato sauce, mozzarella, ham, button mushrooms, artichokes, anchovies, oregano Calzone Ripieno
57%
Any pizza without tomato sauce Pizza Bianca
51%
Tomato sauce, mozzarella, parmigiano, gorgonzola, casera, oregano Pizza Quattro Formaggi
51%
Tomato sauce, mozzarella, button mushrooms, ham, artichokes, olives, oregano Pizza Quattro Stagioni
41%
Tomato sauce, garlic, oregano, olive oil Pizza Marinara
37%
Tomato sauce, mozzarella, ham, artichokes, mushrooms, olives Pizza Capricciosa
29%
Tomato sauce, mozzarella, vegetables Pizza Ortolana
24%
Tomato sauce, mozzarella, oregano, anchovies Pizza Napoletana
22%
Tomato sauce, mozzarella, anchovies, capers, oregano Pizza Romana
18%
Olive oil Schiacciata
8%
No matching quizzes found
Score Distribution
Percent of People with Each Score
Percentile by Number Answered
Your Score History
You have not taken this quiz